LEADER 05711nam 2200673 a 450 001 9910457988103321 005 20200520144314.0 010 $a1-281-07226-5 010 $a9786611072261 010 $a0-08-053935-1 035 $a(CKB)1000000000384718 035 $a(EBL)316947 035 $a(OCoLC)476109015 035 $a(SSID)ssj0000225623 035 $a(PQKBManifestationID)11910984 035 $a(PQKBTitleCode)TC0000225623 035 $a(PQKBWorkID)10249788 035 $a(PQKB)10480272 035 $a(MiAaPQ)EBC316947 035 $a(Au-PeEL)EBL316947 035 $a(CaPaEBR)ebr10206387 035 $a(CaONFJC)MIL107226 035 $a(OCoLC)469636071 035 $a(EXLCZ)991000000000384718 100 $a20010626d2001 uy 0 101 0 $aeng 135 $aur|n|---||||| 181 $ctxt 182 $cc 183 $acr 200 10$aPractical design of ships and other floating structures$b[electronic resource] $eproceedings of the Eighth International Symposium on Practical Design of Ships and Other Floating Structures, 16-21 September, 2001, Shanghai, China. Vol. 1 /$fedited by You-Sheng Wu, Wei-Cheng Cui, and Guo-Jun Zhou 205 $a1st ed. 210 $aAmsterdam ;$aNew York $cElsevier$d2001 215 $a1 online resource (721 p.) 225 0 $aPractical design of ships and other floating structures : proceedings of the Eighth International Symposium on Practical Design of Ships and Other Floating Structures, 16-21 September, 2001, Shanghai, China 300 $aDescription based upon print version of record. 311 $a0-08-043950-0 320 $aIncludes bibliographical references and indexes. 327 $aFront Cover; Practical Design of Ships and Other Floating Structures; Copyright Page; Preface; CONTENTS; PLENARY LECTURES; Maritime Safety Culture and Development of Ship and Offshore Installations Design Standards in the 21 st Century; Structural Safety of Ships; Shipping Industry in the 21st Century; PART 1: DESIGN SYNTHESIS FOR SHIPS AND FLOATING SYSTEMS; CHAPTER 1. LIFE CYCLE COST AND SHIPPING SYSTEM; A Consideration of Life Cycle Cost of a Ship; The Experiment of River-Sea-Going Ore Barge Fleet and Renovation of Existing Integrated Barge; CHAPTER 2. DESIGN OPTIMISATION 327 $aOptimization of a Wave Cancellation Multihull Ship Using CFD ToolsA Module-Oriented Optimization Tool; The Fine Optimization of Ship Hull Lines in Resistance Performance by Using CFD Approach; CHAPTER 3. HULL FORM DESIGN; Parametric Hull Form Design - A Step Towards One Week Ship Design; Mission Based Hydrodynamic Design of a Hydrographic Survey Vessel; Hull Form Design of a Passenger Catamaran for Operation in the Yellow Sea Region; Hull Form Design of Cargo Ship in Shallow and Strong Current Waterways; CHAPTER 4. NOVEL SHIP CONCEPTS - HIGH SPEED VESSELS 327 $aThe Impact Load of Wing-in-Ground-Effect Craft in Waves and Application of Hydro-SkiConceptual Design of Very Large-Size Super-High-Speed Foil Catamaran Containership; A Practical Application of Air Lubrication on a Small High Speed Boat; The Hybrid Hydrofoil Stepped Hull; CHAPTER 5. NOVEL SHIP CONCEPTS - TRIMARAN; The Design of Trimaran Ships: General Review and Practical Structural Analysis; Calm Water Experimental Research on Geosims of High Speed Trimaran: Hydrodynamic Characteristics and Model-Ship Correlation; Trimaran Model Test Results and Comparison with Different High Speed Craft 327 $aHull Form Development and Powering Performance Characteristics for a 2,500 Ton Class TrimaranCHAPTER 6. FLOATING PRODUCTION SYSTEMS; Design Recommendations from the FPSO - Fatigue Capacity JIP; Design of FPSOs Based on Maneuvering Stability; Extreme Response and Fatigue Damage of Ship-Shaped FPSO; CHAPTER 7. VERY LARGE FLOATING STRUCTURES (I); An Investigation into Wave Induced Drift Forces and Motions of Very Large Floating Structures; A Study on the Horizontally Dynamic Behavior of a VLFS Supported with Dolphins 327 $aExperimental Study on the Hydroelastic Response Characteristics of a Pontoon Type Floating StructureCHAPTER 8. VERY LARGE FLOATING STRUCTURES (II); Simulation Study on Coastal Ecosystem Around a Very Large Floating Structure in Tokyo Bay; Effects of a Draft on Hydroelastic Responses of a Pontoon Type Very Large Floating Structure; A Study on Deck Wetness and Slamming of Very Large Floating Structures; CHAPTER 9. SAFETY ASSESSMENT; Probabilistic Analysis Tools for Surface Ships Under Seaway and Extreme Dynamic Loads 327 $aComprehensive Fuzzy Approach in Hazard Identification of Formal Safety Assessment (FSA) 330 $aThis proceedings contains the papers presented at The 8th International Symposium on Practical Design of Ships and Other Floating Structures held in China in September 2001 - the first PRADS of the 21st Century. The overall aim of PRADS symposia is to advance the design of ships and other floating structures as a professional discipline and science by exchanging knowledge and promoting discussion of relevant topics in the fields of naval architecture and marine and offshore engineering. In line with the aim, in welcoming the new era, this Symposium is intended to increase intern 606 $aNaval architecture$vCongresses 608 $aElectronic books. 615 0$aNaval architecture 676 $a623.8/1 701 $aWu$b You-Sheng$0975623 701 $aCui$b Wei-Cheng$0975624 701 $aZhou$b Guo-Jun$0975625 801 0$bMiAaPQ 801 1$bMiAaPQ 801 2$bMiAaPQ 906 $aBOOK 912 $a9910457988103321 996 $aPractical design of ships and other floating structures$92221592 997 $aUNINA LEADER 01710nam 2200385Ia 450 001 996385837303316 005 20200824132042.0 035 $a(CKB)1000000000608114 035 $a(EEBO)2240943749 035 $a(OCoLC)ocm12102375e 035 $a(OCoLC)12102375 035 $a(EXLCZ)991000000000608114 100 $a19850531d1669 uy | 101 0 $aeng 135 $aurbn||||a|bb| 200 14$aThe history of the three late, famous impostors, viz. Padre Ottomano, Mahomed Bei and Sabatai Sevi$b[electronic resource] $ethe one, pretended son and heir to the late Grand Signior, the other, a prince of the Ottoman family, but in truth, a Valachian counterfeit, and the last, the suppos'd Messiah of the Jews, in the year of the true Messiah, 1666 : with a brief account of the ground and occasion of the present war between the Turk and the Venetian : together with the cause of the final extirpation, destruction and exile of the Jews out of the Empire of Persia 210 $aIn the Savoy $cPrinted for Henry Herringman ...$d1669 215 $a[16], 126 p 300 $a"The epistle dedicatory" signed: J.E. 300 $aAttributed to John Evelyn. Cf. BM. 300 $aReproduction of original in Huntington Library. 330 $aeebo-0113 606 $aJews$zIran 607 $aVenice (Italy)$xHistory$yTurkish Wars, 17th century 615 0$aJews 700 $aEvelyn$b John$f1620-1706.$0168010 801 0$bEAA 801 1$bEAA 801 2$bm/c 801 2$bEAA 801 2$bWaOLN 906 $aBOOK 912 $a996385837303316 996 $aThe history of the three late, famous impostors, viz. Padre Ottomano, Mahomed Bei and Sabatai Sevi$92330942 997 $aUNISA